Music and probability (Record no. 247919)
[ view plain ]
| 000 -LEADER | |
|---|---|
| fixed length control field | 01624nam a22003494a 4500 |
| 082 04 - DEWEY DECIMAL CLASSIFICATION NUMBER | |
| Classification number | 781.2 |
| 100 1# - MAIN ENTRY--AUTHOR NAME | |
| Personal name | Temperley, David. |
| 245 10 - TITLE STATEMENT | |
| Title | Music and probability |
| 260 ## - PUBLICATION, DISTRIBUTION, ETC. (IMPRINT) | |
| Place of publication | Cambridge, Mass. : |
| Name of publisher | MIT Press, |
| Year of publication | c2007. |
| 300 ## - PHYSICAL DESCRIPTION | |
| Number of Pages | xi, 244 p. : |
| Other physical details | ill., music. |
| 505 0# - FORMATTED CONTENTS NOTE | |
| Formatted contents note | Probabilistic foundations and background -- Melody I : the rhythm model -- Melody II : the pitch model -- Melody III : expectation and error detection -- A polyphonic key-finding model -- Applications of the polyphonic key-finding model -- Bayesian models of other aspects of music -- Style and composition -- Communicative pressure. |
| 650 #0 - SUBJECT ADDED ENTRY--TOPICAL TERM | |
| Topical Term | Musical perception |
| Topical Term | Music and probability. |
| 856 40 - ELECTRONIC LOCATION AND ACCESS | |
| Uniform Resource Identifier | http://site.ebrary.com/lib/rucke/Doc?id=10173637 |
No items available.
